000 00778nam a2200253Ia 4500
003 OSt
005 20220918180807.0
006 a|||||r|||| 00| 0
007 ta
008 220917b |||||||| |||| 00| 0 eng d
024 _a24,164
037 _cTextual
040 _aARTS
_cARTS
_beng
041 _2eng
_aeng
082 _aO111:gK, N6
100 _aHawes Clement
_957110
245 0 _aMania and literary style
_b the rhetoric of enthusiasm from the Ranters to Christopher Smart
260 _aCmabridge
_bCUP
_c1996
300 _axii,243p.
_ccm.
490 _aCambridge studies in eighteenth century english literature and thought; 29
650 _aENGLISH LITERATURE
942 _hO111:gK, N6
_cTEXL
_2CC
999 _c163147
_d163147